Corporate strategy
Spremljeno u:
| Glavni autor: | |
|---|---|
| Format: | Knjiga |
| Jezik: | Undetermined |
| Izdano: |
Houndmills
Macmillan
1986
|
| Teme: | |
| Oznake: |
Dodaj oznaku
Bez oznaka, Budi prvi tko označuje ovaj zapis!
|
| Thư viện lưu trữ: | Trung tâm Học liệu Trường Đại học Cần Thơ |
|---|
| LEADER | 00458nam a2200181Ia 4500 | ||
|---|---|---|---|
| 001 | CTU_86664 | ||
| 008 | 210402s9999 xx 000 0 und d | ||
| 082 | |a 658.4 | ||
| 082 | |b H855 | ||
| 100 | |a Howe, W. Stewart | ||
| 245 | 0 | |a Corporate strategy | |
| 245 | 0 | |c W. Stewart Howe | |
| 260 | |a Houndmills | ||
| 260 | |b Macmillan | ||
| 260 | |c 1986 | ||
| 650 | |a Corporate planning | ||
| 904 | |i Năm | ||
| 980 | |a Trung tâm Học liệu Trường Đại học Cần Thơ | ||